Представление документа в формате MARC21

ПолеНазваниеЗначение
  Тип записи a
  Библиографический уровень m
001 Контрольный номер RU\infra-m\znanium\bibl\971768
005 Дата корректировки 20260429142200.5
008 Кодируемые данные 250612s2021 RU g rus u
020 Индекс ISBN __
a ISBN 978-5-16-014236-4
020 Индекс ISBN __
a ISBN 978-5-16-106721-5 (электр. издание)
040 Источник каталогиз. __
a Служба первич. каталог. Общество с ограниченной ответственностью «ЗНАНИУМ»
041 Код языка издания __
a Код языка текста rus
044 Код страны публикации __
a Код страны публикации RU
080 Индекс УДК __
a Индекс УДК 622(075.8)
084 Индекс другой классификации/Индекс ББК __
2 Источник индекса rubbk
a Индекс другой классификации/Индекс ББК 33.3я73
084 Индекс другой классификации/Индекс ББК __
2 Источник индекса okso
a Индекс другой классификации/Индекс ББК 21.04.01
084 Индекс другой классификации/Индекс ББК __
2 Источник индекса okso
a Индекс другой классификации/Индекс ББК 21.05.06
100 Автор __
a Автор Серебряков О.И.
q Полное имя Серебряков Олег Иванович
u Дополнение Астраханский государственный университет имени В.Н. Татищева
245 Заглавие __
a Заглавие Эксплуатация месторождений нефти и газа горизонтальными скважинами
b Продолж. заглавия Учебник
c Ответственность Астраханский государственный университет имени В.Н. Татищева
250 Сведения об издании __
a Основные сведения об издании 1
260 Выходные данные __
a Место издания Москва
b Издательство ООО "Научно-издательский центр ИНФРА-М"
c Дата издания 2021
300 Физическое описание __
a Объем 200 с.
440 Серия __
a Серия Высшее образование: Магистратура
520 Аннотация __
a Аннотация В учебнике изложены особенности конструкции морских горизонтальных многозабойных эксплуатационных скважин а также забойные компоненты горизонтальных многозабойных стволов. Даны классификация осложнений многозабойных горизонтальных скважин способы их предупреждения и ликвидации. Предложены методы подземной геонавигации разработки морских горизонтальных эксплуатационных скважин. Уточнены геологические и промысловые основы эксплуатации горизонтальных морских многозабойных нефтегазовых скважин режимы и динамика добычи нефти газа и попутных вод методы расчета динамических забойных и пластовых давлений. Приведены технологии эксплуатации морских горизонтальных многозабойных скважин. Обоснованы состав и объемы экологического промыслового и исследовательского морского мониторинга эксплуатации морских горизонтальных многозабойных скважин и охраны морской окружающей среды при добыче нефти и газа. Соответствует требованиям федеральных государственных образовательных стандартов высшего образования последнего поколения. Предназначен для магистрантов укрупненной группы направлений подготовки «Науки о Земле» а также для преподавателей работников топливно-энергетического комплекса производственных геолого-разведочных и нефтегазодобывающих предприятий научных и проектных организаций.
521 Примеч. о цел. назн. __
a Примеч. о целев. назн. ВО - Магистратура
650 Тематические рубрики __
a Основная рубрика Промышленность. Энергетика
x Основная подрубрика Разработка и добыча твердых полезных ископаемых
655 Указ. предметных рубрик (устаревшее) __
a Жанр/ форма (устаревшее) Учебник
700 Другие авторы __
a Другие авторы Серебряков А.О.
q Полное имя Серебряков Андрей Олегович
u Дополнение Астраханский государственный университет имени В.Н. Татищева
700 Другие авторы __
a Другие авторы Журавлев Г.И.
q Полное имя Журавлев Геннадий Иванович
u Дополнение Астраханский государственный университет имени В.Н. Татищева
856 Электронный адрес документа 4_
a Имя сервера/домена znanium.com
m Помощь ebs_support@infra-m.ru
n Местонахождение сервера НИЦ ИНФРА-М
u URL https://znanium.com/catalog/document?id=376404
856 Электронный адрес документа 48
a Имя сервера/домена znanium.com
d Путь /cover/0971
f Электронное имя 971768.jpg
q Тип электронного формата image/jpeg
u URL https://znanium.com/cover/0971/971768.jpg
911 __
u 0030=https://znanium.com/catalog/document?id=376404